000 01318cam a2200301 4500
001 ABS64732
008 011102n2001 000 0 eng u
035 _a(Sirsi) u115465
100 _aKendrick, R.
245 _aSurfing deeds
260 _c2001
490 _aSolicitors' Journal
_vIT Supplement 145(40) 26 October 2001, 21-22(2)
520 _aExplains the different stages of the e-conveyancing process. Covers the purchaser and property sale web sites; searches, the National Land Information Service (NLIS) and the three current licencees TransAction Online, Terriorium and Searchflow; conveyancing documents and the Electronic Communications Act 2000; and using electronic methods for completion and the transfer of funds. Websites.
590 _aABS
650 _aPROPERTY-RESIDENTIAL PROPERTY-ACQUISITION AND DISPOSAL OF RESIDENTIAL PROPERTY
650 _aPROPERTY-RESIDENTIAL PROPERTY-ACQUISITION AND DISPOSAL OF RESIDENTIAL PROPERTY
650 _aELECTRONIC COMMUNICATIONS ACT 2000
650 _aE-SIGNATURES
650 _aWEBSITES
650 _aCONVEYANCING
650 _aNATIONAL LAND INFORMATION SERVICE
650 _aSEARCHES
650 _aCOMPLETION
650 _aPROPERTY TRANSACTIONS
650 _aECONVEYANCING
690 _aPROPERTY AND LAND LAW-CONVEYANCING
942 _n0
999 _c68772
_d68772